| 000 | 00943nam a2200349 a 4500 | ||
|---|---|---|---|
| 003 | AR-BaBNM | ||
| 005 | 20251128204540.0 | ||
| 008 | 082120s2002 ||||||||||||||000 | spa|| | ||
| 020 | _a950-10-0253-5 | ||
| 040 | _cAR-BaBNM | ||
| 100 | 1 | _aRotstein de Gueller, Berta | |
| 245 | 0 | 0 |
_aJugueteando 2 _blibro del maestro |
| 250 | _a1ª ed. | ||
| 260 |
_aBuenos Aires _bHuemul _c1988 |
||
| 300 |
_a53 p. _bil. |
||
| 490 | 0 | _aTextos Huemul | |
| 504 | _aBibliografía p. 51-52 | ||
| 650 | 4 | _aJUEGOS EDUCATIVOS | |
| 650 | 4 | _aDIDACTICA | |
| 650 | 4 | _aENSEÑANZA DE LA HISTORIA | |
| 650 | 4 | _aCUENTOS | |
| 650 | 4 | _aPOESIA | |
| 650 | 4 | _aDESARROLLO DE LA CREATIVIDAD | |
| 653 | _aENSENANZA DE LA LENGUA | ||
| 653 | _aENSEÑANZA DE LAS CIENCIAS NATURALES | ||
| 700 | 1 | _aMosches de Kosiner, Mirta | |
| 700 | 1 | _aLodi de Zemma, Edda | |
| 800 | 1 | _aRiba, Elsa | |
| 800 | 1 |
_aPescetto, Alberto _edirector |
|
| 942 | _cBK | ||
| 998 | _cCarmen | ||
| 999 |
_c7876 _d7876 |
||